[Event "XXXV Festival A"]
[Site "Arco ITA"]
[Date "2013.10.19"]
[Round "8"]
[White "Zucchelli, Massimo"]
[Black "Facchetti, Gianni"]
[WhiteElo "2199"]
[BlackElo "2080"]
[Result "1/2-1/2"]
[PlyCount "113"]
[EventDate "2013.10.12"]

1. d4 Nf6 2. c4 e5 3. dxe5 Ng4 4. Nf3 Nc6 5. Bg5 Be7 6. Bf4 Bb4+ 7. Nbd2 Qe7 8.
e3 Ngxe5 9. Nxe5 Nxe5 10. Be2 d6 11. O-O Bxd2 12. Qxd2 O-O 13. b4 Ng6 14. Bg3
Be6 15. Qc3 b6 16. Bf3 Rad8 17. c5 dxc5 18. bxc5 bxc5 19. Rfc1 c4 20. Be2 Rc8
21. Bxc4 Bxc4 22. Qxc4 c5 23. Rab1 Rc6 24. Rb5 Rfc8 25. Ra5 Qb7 26. h3 h6 27.
Ra3 Nf8 28. Rac3 Ne6 29. Be5 Qa6 30. R3c2 Qxc4 31. Rxc4 Ra6 32. a4 Rd8 33. g4
Rd2 34. Bc3 Ra2 35. a5 Rd6 36. Be1 Rd3 37. R4c2 Rxc2 38. Rxc2 Ra3 39. Kf1 Ra4
40. Rb2 c4 41. Rb8+ Kh7 42. Rc8 Ng5 43. Kg2 f6 44. h4 Ne4 45. Kf3 Nd6 46. Rc7
Nb5 47. Rc5 a6 48. Rc6 Ra1 49. Bb4 c3 50. Ke2 Ra2+ 51. Kd3 Rd2+ 52. Kc4 Rxf2
53. Bxc3 Rc2 54. Kb3 Rc1 55. Kb2 Rxc3 56. Rxc3 Nxc3 57. Kxc3 1/2-1/2

[Event "XXXV Festival A"]
[Site "Arco ITA"]
[Date "2013.10.20"]
[Round "9"]
[White "Astengo, Corrado"]
[Black "Zucchelli, Massimo"]
[WhiteElo "2064"]
[BlackElo "2199"]
[Result "1/2-1/2"]
[PlyCount "32"]
[EventDate "2013.10.12"]

1. e4 e6 2. d4 d5 3. Nd2 c5 4. exd5 Qxd5 5. Ngf3 cxd4 6. Bc4 Qd6 7. O-O Nf6 8.
Nb3 Nc6 9. Nbxd4 Nxd4 10. Qxd4 Qxd4 11. Nxd4 Bd7 12. Bf4 Rc8 13. Bb3 Bc5 14.
Rad1 O-O 15. Rfe1 Rfd8 16. Bg5 Be8 1/2-1/2

[Event "XXXV Festival A"]
[Site "Arco ITA"]
[Date "2013.10.20"]
[Round "9"]
[White "Barlocco, Carlo"]
[Black "Antonelli, Fabrizio"]
[WhiteElo "2148"]
[BlackElo "2029"]
[Result "1-0"]
[PlyCount "75"]
[EventDate "2013.10.12"]

1. d4 Nf6 2. c4 g6 3. Nc3 Bg7 4. Nf3 d6 5. Bf4 O-O 6. e3 Nbd7 7. h3 Re8 8. Be2
c6 9. O-O h6 10. b4 Nf8 11. Qb3 g5 12. Bh2 Ng6 13. Rfd1 g4 14. hxg4 Nxg4 15.
Bg3 Rf8 16. Nh2 Nf6 17. e4 h5 18. Nf3 Ng4 19. c5 dxc5 20. bxc5 Qe8 21. Rac1 Bh6
22. Rc2 Bf4 23. Bxf4 Nxf4 24. Bc4 e6 25. e5 Rb8 26. Ne4 Qe7 27. Nfg5 f5 28.
exf6 Nxf6 29. g3 N4d5 30. Re2 Nxe4 31. Nxe4 Rf5 32. Nd6 Rg5 33. Rde1 Bd7 34.
Bxd5 cxd5 35. Re5 Rxe5 36. Rxe5 Qh7 37. Qf3 Rf8 38. Rg5+ 1-0

[Event "XXXV Festival A"]
[Site "Arco ITA"]
[Date "2013.10.20"]
[Round "9"]
[White "Dittmar, Peter"]
[Black "Bonagura, Stefano"]
[WhiteElo "2323"]
[BlackElo "2183"]
[Result "0-1"]
[PlyCount "88"]
[EventDate "2013.10.12"]

1. d4 d5 2. c4 c6 3. cxd5 cxd5 4. Nc3 Nf6 5. Bf4 Nc6 6. e3 a6 7. Bd3 Bg4 8. f3
Bh5 9. Nge2 e6 10. Rc1 Bd6 11. O-O O-O 12. Na4 Bg6 13. Bxg6 hxg6 14. Nc5 Bxf4
15. Nxf4 Qe7 16. Qb3 Na5 17. Qc3 Nc4 18. e4 g5 19. Nh3 b6 20. exd5 exd5 21.
Rfe1 Qd6 22. Nd3 g4 23. fxg4 Ne4 24. Qc2 Qf6 25. Ndf2 Qxd4 26. Qd3 Qxd3 27.
Nxd3 Rfd8 28. Nhf4 b5 29. b3 Ncd2 30. Nb4 d4 31. Nc6 Rd6 32. Nd3 Nc3 33. Ne7+
Kf8 34. Nf5 Rdd8 35. Ng3 Rac8 36. Ne2 Nxa2 37. Rxc8 Rxc8 38. Nxd4 Rd8 39. Rd1
Rxd4 40. Rxd2 Nb4 41. Nxb4 Rxd2 42. Nxa6 Rd3 43. b4 Rd4 44. h3 Rc4 0-1

[Event "XXXV Festival A"]
[Site "Arco ITA"]
[Date "2013.10.20"]
[Round "9"]
[White "Drasko, Milan"]
[Black "Kveinys, Aloyzas"]
[WhiteElo "2451"]
[BlackElo "2511"]
[Result "1/2-1/2"]
[PlyCount "20"]
[EventDate "2013.10.12"]

1. d4 Nf6 2. c4 e6 3. Nf3 Bb4+ 4. Bd2 a5 5. g3 d6 6. Bg2 Nbd7 7. O-O e5 8. Bc1
exd4 9. Nxd4 O-O 10. Nc2 Bc5 1/2-1/2

[Event "XXXV Festival A"]
[Site "Arco ITA"]
[Date "2013.10.20"]
[Round "9"]
[White "Facchetti, Gianni"]
[Black "Valenti, Giuseppe"]
[WhiteElo "2080"]
[BlackElo "2177"]
[Result "1/2-1/2"]
[PlyCount "44"]
[EventDate "2013.10.12"]

1. e4 c5 2. Nf3 e6 3. c3 Nf6 4. d3 Nc6 5. Be2 Be7 6. O-O O-O 7. Re1 e5 8. c4 d6
9. Nc3 h6 10. Nd5 Nxd5 11. cxd5 Nb8 12. Nd2 Nd7 13. Bg4 Bg5 14. Nc4 Bxc1 15.
Rxc1 Nb6 16. Ne3 g6 17. Qf3 Qg5 18. Bxc8 Raxc8 19. b3 f5 20. Qg3 Qxg3 21. hxg3
Kg7 22. f3 h5 1/2-1/2

[Event "XXXV Festival A"]
[Site "Arco ITA"]
[Date "2013.10.20"]
[Round "9"]
[White "Huemmer, Bernd"]
[Black "Messina, Roberta"]
[WhiteElo "2195"]
[BlackElo "2062"]
[Result "1/2-1/2"]
[PlyCount "72"]
[EventDate "2013.10.12"]

1. d4 Nf6 2. Nf3 e6 3. Bg5 c5 4. c3 Qb6 5. Qb3 d5 6. e3 Nc6 7. Nbd2 Be7 8. Be2
O-O 9. O-O Re8 10. Rfe1 h6 11. Bf4 Qxb3 12. axb3 g5 13. Bc7 Nd7 14. h3 Bf6 15.
dxc5 Nxc5 16. b4 Na6 17. Bd6 Ne7 18. e4 dxe4 19. Nxe4 Bg7 20. b5 Nb8 21. Bxb8
Rxb8 22. Rxa7 Nd5 23. Rea1 f5 24. Nd6 Rd8 25. Ra8 Rxa8 26. Rxa8 Nb6 27. Rxc8
Nxc8 28. Nxb7 Re8 29. c4 Bxb2 30. c5 Bc3 31. Bc4 Kf7 32. Kf1 Kf6 33. Ke2 e5 34.
Kd3 Bb4 35. Kc2 e4 36. Nd4 Ke5 1/2-1/2

[Event "XXXV Festival A"]
[Site "Arco ITA"]
[Date "2013.10.20"]
[Round "9"]
[White "Karpatchev, Aleksandr"]
[Black "Ambartsumova, Karina"]
[WhiteElo "2461"]
[BlackElo "2320"]
[Result "1-0"]
[PlyCount "77"]
[EventDate "2013.10.12"]

1. e4 e5 2. Nf3 Nc6 3. Bc4 Nf6 4. d3 Bc5 5. a3 a6 6. Nc3 d6 7. O-O h6 8. Be3
O-O 9. b4 Ba7 10. h3 Bxe3 11. fxe3 Be6 12. Bxe6 fxe6 13. d4 exd4 14. exd4 e5
15. d5 Ne7 16. Nh4 Qd7 17. Kh2 Nh7 18. Qh5 Rf6 19. Rxf6 Nxf6 20. Qe2 Rf8 21.
Rf1 Nh7 22. Rxf8+ Nxf8 23. Qf2 Nfg6 24. Nf5 Kh7 25. Nxe7 Qxe7 26. Qf5 Qf8 27.
g4 Qxf5 28. gxf5 Nf4 29. Kg3 Kg8 30. b5 Kf7 31. a4 Ke8 32. Kg4 Kd7 33. Na2 c5
34. bxc6+ bxc6 35. dxc6+ Kxc6 36. Nb4+ Kb6 37. Nd3 Ka5 38. Nxf4 exf4 39. c4 1-0

[Event "XXXV Festival A"]
[Site "Arco ITA"]
[Date "2013.10.20"]
[Round "9"]
[White "Kierzek, Matthias"]
[Black "Tocco, Paolo"]
[WhiteElo "2236"]
[BlackElo "2133"]
[Result "1-0"]
[PlyCount "66"]
[EventDate "2013.10.12"]

1. d4 f5 2. Bg5 c6 3. Nd2 Qb6 4. Nb3 d6 5. e3 a5 6. Bd3 a4 7. Nd2 g6 8. Ne2 Bg7
9. O-O e5 10. dxe5 dxe5 11. Nc4 Qc7 12. Nc3 b5 13. Nxb5 cxb5 14. Nd6+ Kf8 15.
Bxb5 Bd7 16. Qd5 Bxb5 17. Nxb5 Qc6 18. Qd8+ Kf7 19. Nd6+ Ke6 20. Ne8 Nd7 21.
Nc7+ Kf7 22. Qxa8 Qxc7 23. Qd5+ Kf8 24. Rad1 Ngf6 25. Qe6 h6 26. Bxf6 Nxf6 27.
Rd6 Qe7 28. Qc8+ Kf7 29. Qc4+ Kf8 30. Rfd1 Ne8 31. Re6 Qf7 32. Rd8 Bf6 33.
Rexe8+ Qxe8 1-0

[Event "XXXV Festival A"]
[Site "Arco ITA"]
[Date "2013.10.20"]
[Round "9"]
[White "Megret, Jean"]
[Black "Ager, Josef"]
[WhiteElo "1624"]
[BlackElo "2168"]
[Result "1/2-1/2"]
[PlyCount "67"]
[EventDate "2013.10.12"]

1. e4 Nc6 2. Nf3 d6 3. d4 g6 4. Bb5 a6 5. Ba4 Bg7 6. Be3 b5 7. Bb3 Na5 8. Nc3
Bb7 9. Nd2 Nxb3 10. axb3 Nf6 11. f3 O-O 12. O-O Nd7 13. b4 Nb6 14. Ne2 Qd7 15.
b3 c5 16. bxc5 dxc5 17. dxc5 Bxa1 18. Qxa1 Nc8 19. Bh6 f6 20. Bxf8 Qxd2 21. Rf2
Kxf8 22. Nd4 Qe3 23. c6 Bxc6 24. Nxc6 Nd6 25. Qd1 Rc8 26. Nd4 Kg8 27. Qd2 Qxd2
28. Rxd2 a5 29. Kf2 Kf7 30. Ke3 Ra8 31. Rd1 Ra6 32. Ra1 e5 33. Ne2 Ke6 34. Nc3
1/2-1/2

[Event "XXXV Festival A"]
[Site "Arco ITA"]
[Date "2013.10.20"]
[Round "9"]
[White "Niccoli, Paolo"]
[Black "Dappiano, Andrea"]
[WhiteElo "1870"]
[BlackElo "2170"]
[Result "0-1"]
[PlyCount "100"]
[EventDate "2013.10.12"]

1. e4 d6 2. d3 e5 3. g3 Nf6 4. Bg2 Be7 5. c4 O-O 6. Nc3 c6 7. Nge2 a6 8. O-O b5
9. h3 Nbd7 10. Be3 Nb6 11. b3 b4 12. Nb1 d5 13. f4 d4 14. Bf2 Nfd7 15. Nd2 f6
16. Nf3 a5 17. f5 Nc5 18. g4 a4 19. Qc2 Bd6 20. h4 Rf7 21. Rab1 Rfa7 22. Rb2
axb3 23. axb3 Ra3 24. Be1 Nba4 25. bxa4 Nxd3 26. Rb3 Nxe1 27. Rxe1 d3 28. Rxd3
Bc5+ 29. Ned4 Rxd3 30. Qxd3 Bxd4+ 31. Nxd4 c5 32. Rd1 Qxd4+ 33. Qxd4 cxd4 34.
Ra1 Ra5 35. Bf3 Ba6 36. Be2 Kf8 37. Kf1 Ke7 38. Ke1 Kd6 39. Kd2 Kc5 40. g5 b3
41. h5 h6 42. gxh6 gxh6 43. Bd3 Kb4 44. Rg1 Rxa4 45. Rg6 Ra2+ 46. Kc1 Kc3 47.
Bb1 Bxc4 48. Rg3+ d3 49. Kd1 Ra1 50. Kc1 b2+ 0-1

[Event "XXXV Festival A"]
[Site "Arco ITA"]
[Date "2013.10.20"]
[Round "9"]
[White "Pedersen, Henrik Bolding"]
[Black "Ottaviani, Gianluca"]
[WhiteElo "2123"]
[BlackElo "1983"]
[Result "1-0"]
[PlyCount "87"]
[EventDate "2013.10.12"]

1. e4 e5 2. Nf3 Nc6 3. Nc3 Nf6 4. d4 exd4 5. Nxd4 Bb4 6. Nxc6 bxc6 7. Bd3 d5 8.
exd5 cxd5 9. O-O O-O 10. h3 c6 11. Qf3 Re8 12. Bf4 Bd7 13. Ne2 Ne4 14. c3 Bf8
15. Ng3 Nc5 16. Bc2 g6 17. Be3 Ne6 18. Qd1 Qh4 19. Qg4 Qxg4 20. hxg4 c5 21.
Rfd1 Bc6 22. Ne2 Rad8 23. Nf4 Nxf4 24. Bxf4 Re2 25. Rd2 Rxd2 26. Bxd2 d4 27.
Bb3 a5 28. Bg5 Rb8 29. Bf4 Re8 30. cxd4 cxd4 31. Rc1 Bb7 32. Bd2 Re5 33. Rc7
Bd5 34. f4 Bxb3 35. fxe5 Bxa2 36. Bxa5 Be6 37. g5 Kg7 38. Bd2 Kg8 39. b4 h6 40.
gxh6 Kh7 41. b5 Bxh6 42. Bxh6 Kxh6 43. Kf2 Kg5 44. b6 1-0

[Event "XXXV Festival A"]
[Site "Arco ITA"]
[Date "2013.10.20"]
[Round "9"]
[White "Rahls, Peter"]
[Black "Knors, Rudi"]
[WhiteElo "2228"]
[BlackElo "2100"]
[Result "1-0"]
[PlyCount "69"]
[EventDate "2013.10.12"]

1. e4 c6 2. c4 e5 3. Nf3 d6 4. d4 Bg4 5. Be2 Nd7 6. Nc3 Ngf6 7. O-O Be7 8. h3
Bxf3 9. Bxf3 O-O 10. Be3 Qc7 11. d5 c5 12. g4 Nb6 13. b3 Nfd7 14. Qd2 a6 15.
Kh1 Rae8 16. Rg1 Nc8 17. g5 Qb8 18. Bg4 Qc7 19. h4 Bd8 20. Rg2 Ne7 21. h5 Kh8
22. Rag1 Ng8 23. Rh2 Nb8 24. Bf5 Ne7 25. Qe2 b6 26. g6 Nxf5 27. exf5 Bf6 28.
Ne4 Qe7 29. h6 fxg6 30. fxg6 gxh6 31. Rxh6 Bg7 32. Rxh7+ Kg8 33. Qh5 Nd7 34.
Bg5 Nf6 35. Qh4 1-0

[Event "XXXV Festival A"]
[Site "Arco ITA"]
[Date "2013.10.20"]
[Round "9"]
[White "Van Der Heijden, Anton"]
[Black "Trauth, Michael"]
[WhiteElo "2300"]
[BlackElo "2182"]
[Result "1/2-1/2"]
[PlyCount "43"]
[EventDate "2013.10.12"]

1. d4 Nf6 2. c4 c5 3. d5 b5 4. cxb5 a6 5. f3 e6 6. e4 c4 7. Bxc4 Bc5 8. Nc3 Qc7
9. Nge2 O-O 10. e5 Qxe5 11. Bf4 Qh5 12. h4 Qg6 13. Bg5 e5 14. Bd3 e4 15. Nxe4
Nxe4 16. Bxe4 f5 17. d6 fxe4 18. Qd5+ Qe6 19. Qxa8 exf3 20. gxf3 Nc6 21. bxc6
Bb4+ 22. Bd2 1/2-1/2

[Event "XXXV Festival A"]
[Site "Arco ITA"]
[Date "2013.10.20"]
[Round "9"]
[White "Xia, Jie"]
[Black "Vezzosi, Paolo"]
[WhiteElo "2282"]
[BlackElo "2267"]
[Result "1-0"]
[PlyCount "29"]
[EventDate "2013.10.12"]

1. d4 Nf6 2. Bg5 e6 3. e4 h6 4. Bxf6 Qxf6 5. Nf3 d6 6. Nc3 Nd7 7. Qd2 c6 8.
O-O-O e5 9. dxe5 dxe5 10. Nb5 Kd8 11. Qa5+ b6 12. Qc3 cxb5 13. Bxb5 a6 14. Bxd7
Bxd7 15. Nxe5 1-0